| 000 | 00721nam a2200229Ia 4500 | ||
|---|---|---|---|
| 003 | GCL | ||
| 008 | 140319s9999 xx 000 0 ara d | ||
| 040 |
_aGCL / _cGCL |
||
| 082 | 0 | 4 |
_a398.23254 _bس م |
| 100 | 1 | _aسوريال عبدالملك | |
| 245 | 1 | 0 |
_aالمهابهاراتا و الراماياتا / _cسوريال عبدالملك |
| 260 |
_a[S.N] : _bالهيئة المصرية العامة للكتاب ، _c1990 |
||
| 300 | _a150 ص | ||
| 490 | _a | ||
| 650 | 0 | 4 | _aالهند |
| 650 | 0 | 4 | _aالملاحم |
| 650 | 0 | 4 | _aالمهابهاراتا |
| 650 | 0 | 4 | _aالراماياتا |
| 650 | 0 | 4 | _aالاساطير الهندية |
| 650 | 0 | 4 | _aالادب الشعبى - الهند |
| 942 |
_2ddc _cBK |
||
| 999 |
_c27606 _d27606 |
||